Vista normal Vista MARC

Entrada Geographic Name

Número de registros utilizados en: 1

001 - CONTROL NUMBER

  • control field: 69554

003 - CONTROL NUMBER IDENTIFIER

  • control field: OSt

005 - DATE AND TIME OF LATEST TRANSACTION

  • control field: 20260320213438.0

008 - FIXED-LENGTH DATA ELEMENTS

  • fixed length control field: 260320|| aca||aabn | a|a d

040 ## - CATALOGING SOURCE

  • Original cataloging agency: OSt
  • Transcribing agency: OSt

151 ## - HEADING--GEOGRAPHIC NAME

  • Geographic name: España
  • General subdivision: Descripciones y viajes
  • Form subdivision: Guías

670 ## - SOURCE DATA FOUND

  • Source citation: Work cat.: (OSt)60838: Richardson, Gillian aut 69549, 10 grandes rutas del mundo /









Instituto Departamental de Cultura del Meta - Red Departamental de Bibliotecas Públicas del Meta.